000 00756nam a2200265Ia 4500
003 OSt
005 20221006160022.0
006 a|||||r|||| 00| 0
007 ta
008 221006b |||||||| |||| 00| 0 eng d
020 _a9781931907040
_c
_17.95
024 _a44,074
037 _bGift, Korean Embassy ( Window on Korea)
_cTextual
040 _aEASL
_cEASL
_beng
041 _2eng
_aeng
082 _aO495,3N39, P2
100 _aHan Sung-won
_9671486
245 0 _aFather and son
_bA Novel
260 _adumont
_bHoma &Sekey Books
_c2002
300 _a285p.
_ccm.
490 _v KEL
650 _aKEL
942 _hO495,3N39, P2
_cTEXL
_2CC
999 _c1112166
_d1112166